书目信息 |
| 题名: |
电影宣传画集
|
|
| 作者: | ;知识出版社 著 | |
| 分册: | ||
| 出版信息: | 北京 知识出版社 1981 |
|
| 页数: | 71页 | |
| 开本: | 19cm | |
| 丛书名: | ||
| 单 册: | ||
| 中图分类: | J228.1 | |
| 科图分类: | ||
| 主题词: | 电影-宣传画--中国--现代--画册 , 宣传画-电影--中国--现代--画册 | |
| 电子资源: | ||
| ISBN: | ||
| 000 | 00693nam0 2200253 45 | |
| 001 | 0181002967 | |
| 005 | 20040518105427.1 | |
| 010 | @dCNY1.90 | |
| 091 | @a8214.2 | |
| 100 | @a19950615d1981 em y0chiy0121 ea | |
| 101 | 0 | @achi |
| 102 | @aCN@b110000 | |
| 105 | @aa z 000yy | |
| 106 | @ar | |
| 200 | 10 | @a电影宣传画集@Adian ying xuan chuan hua ji@f知识出版社著 |
| 210 | @a北京@c知识出版社@d1981 | |
| 215 | @a71页@d19cm | |
| 606 | @a电影-宣传画@y中国@z现代@x画册 | |
| 606 | @a宣传画-电影@y中国@z现代@x画册 | |
| 690 | @aJ228.1@v3 | |
| 711 | 02 | @a知识出版社@Azhi shi chu ban she@4著 |
| 801 | 0 | @aCN@b上海图书馆@c20040518 |
| 801 | 2 | @aCN@bNLC@c20040518 |
| 905 | @f1@b62012@dJ228.1@e53 | |
| 电影宣传画集/知识出版社著.-北京:知识出版社,1981 |
| 71页;19cm |
| ISBN :CNY1.90 |
| ● |
| 相关链接 |
|
|
|
|
正题名:电影宣传画集
索取号:J228.1/53
 
预约/预借
| 序号 | 登录号 | 条形码 | 馆藏地/架位号 | 状态 | 备注 |
| 1 | 0062012 | 000794992 | 第一借阅区/ [索取号:J228.1/53] | 在馆 | |
| 2 | 0062013 | 000795009 | 第一样本阅览室/ [索取号:J228.1/53] | 在馆 |